Pál Engel: Középkori magyar genealógia ...

Bibliographic Details
Main Author: Rábik, Vladimír, 1975- (Author)
Format: Article
Language:Slovak
ISSN:1335-0137
Subjects:
Online Access:http://www.genealogy-heraldry.sk/pdf/GHH2001_2.pdf

MARC

LEADER 00000nab a2200000 a 4500
001 vtls000767286
003 SK-MaSNL
005 20260305030608.0
008 250505c2001 xo 0 slo
015 |a SNBRB2002/02-05325 
035 |a CLN000119073 
035 |a urn:nbn:sk:snk-ab7a2r 
035 |a (uuid)c002c559-bd88-4591-90b8-70bfc049bc91 
035 |a (urnnbn)urn:nbn:sk:snk:ar-a07d5k 
035 |a (sysno)vtls000767286 
040 |a SNKBUCL  |b slo  |c SNKBUCL  |e AACR2 
041 0 |a slo 
044 |a xo  |c SK 
080 |a 929.5(439.2)(048)  |2 1997 
100 1 |a Rábik, Vladimír,  |d 1975-  |4 aut  |9 227601 
245 1 0 |a Pál Engel: Középkori magyar genealógia ...  |c Vladimír Rábik 
504 |a Res. angl., nem. na s. 55-56 
650 0 7 |a genealógia  |2 snkbucl  |9 4978 
650 0 7 |a stredovek  |2 snkbucl  |9 4259 
650 0 7 |a monografie  |2 snkbucl  |9 256509 
650 0 7 |a CD-romy  |2 snkbucl  |9 1607686 
651 7 |a Uhorsko  |2 snkbucl  |9 28673 
655 7 |a recenzie  |2 snkbucl  |9 21907 
655 7 |a články z novín a časopisov  |2 snkbucl  |9 267496 
773 0 |t Genealogicko-heraldický hlas  |g Roč. 11, č. 2 (2001), s. 41  |x 1335-0137 
787 0 8 |i Rec.:  |a Engel, Pál  |t Középkori magyar genealógia  |d Budapest : Arcanum digitéka, 1998 
850 |a Slovenská národná knižnica 
852 |a Slovenská národná knižnica 
856 4 1 |u http://www.genealogy-heraldry.sk/pdf/GHH2001_2.pdf 
954 |a odborná, vedecká literatúra pôvodná (slovenská)  |2 lita 
958 |a article27 
958 |a OND 
958 |a EUIPO 
992 |a RBX 
999 |c 3312213  |d 3314143